书目信息 |
| 题名: |
构造地质学
|
|
| 作者: | 徐开礼 , 朱志澄 主编 | |
| 分册: | ||
| 出版信息: | 北京 地质出版社 1984 |
|
| 页数: | 243页 | |
| 开本: | 25cm | |
| 丛书名: | ||
| 单 册: | ||
| 中图分类: | P54 | |
| 科图分类: | ||
| 主题词: | 构造地质学 | |
| 电子资源: | ||
| ISBN: | ||
| 000 | 00663nam0 2200253 45 | |
| 001 | 0184009462 | |
| 005 | 20040908170755.7 | |
| 010 | @dCNY3.20 | |
| 091 | @a15036.173 | |
| 100 | @a19950608d1984 em y0chiy0121 ea | |
| 101 | 0 | @achi |
| 102 | @aCN@b110000 | |
| 105 | @ay z 000yy | |
| 106 | @ar | |
| 200 | 10 | @a构造地质学@Agou zao di zhi xue@f徐开礼,朱志澄主编 |
| 210 | @a北京@c地质出版社@d1984 | |
| 215 | @a243页@e另有附本@d25cm | |
| 606 | @a构造地质学 | |
| 690 | @aP54@v3 | |
| 701 | 0 | @a徐开礼@Axu kai li@4主编 |
| 701 | 0 | @a朱志澄@Azhu zhi cheng@4主编 |
| 801 | 0 | @aCN@b上海图书馆@c20040908 |
| 801 | 2 | @aCN@bNLC@c20040908 |
| 905 | @f1@b111849@dP54@e10 | |
| 构造地质学/徐开礼,朱志澄主编.-北京:地质出版社,1984 |
| 243页+另有附本;25cm |
| ISBN :CNY3.20 |
| ● |
| 相关链接 |
|
|
|
|
正题名:构造地质学
索取号:P54/10
 
预约/预借
| 序号 | 登录号 | 条形码 | 馆藏地/架位号 | 状态 | 备注 |
| 1 | 0111849 | 001950035 | 第三借阅区/ [索取号:P54/10] | 在馆 | |
| 2 | 0111851 | 000073477 | 第二样本阅览室/ [索取号:P54/10] | 在馆 |